00758nam a2200277Ia 4500003000400000005001700004008004100021020001500062040001800077041000800095082002200103100002700125245006600152250001200218260003600230300002800266650003100294650002400325650001500349700002100364700001700385700002500402700002100427700001500448700001700463OSt20250218115317.0210716s1998 xx 000 0 und d a8176350826 cAIMIT LIBRARY aeng a006.671 21bCASL aCassady- Dorion, Luke. aJava industrial strength /cBy Luke Cassady-Dorion...[et.al]. a1st ed. aNew Delhi :bTechmedia ,c1998. axx,842p. ;bPBc23.7 cm aPlanning your application  aAdvanced networking aJava beans aBrookshier, Dan. aMathis, Jim. aMaheshwari, Shivani. aBrumbaugh, Matt. aLast, Ben. aWright, Jon.